Tax Reform in Open Economies : (Record no. 613642)

MARC details
000 -LEADER
fixed length control field 00508nam a2200193 a 4500
008 - FIXED-LENGTH DATA ELEMENTS--GENERAL INFORMATION
fixed length control field 260220s2010##################000#0#eng##
020 ## - INTERNATIONAL STANDARD BOOK NUMBER
ISBN 9781848447745
082 04 - DEWEY DECIMAL CLASSIFICATION NUMBER
Classification number 336.205
Item number CLA
100 1# - MAIN ENTRY--AUTHOR NAME
Personal name Claus, Iris,
245 10 - TITLE STATEMENT
Title Tax Reform in Open Economies :
260 ## - PUBLICATION, DISTRIBUTION, ETC. (IMPRINT)
Name of publisher Edward Elgar Pub,
Year of publication 2010.
300 ## - PHYSICAL DESCRIPTION
Number of Pages 329 pages
650 #0 - SUBJECT ADDED ENTRY--TOPICAL TERM
Topical Term Business & Economics.
942 ## - ADDED ENTRY ELEMENTS (KOHA)
Koha item type English Books

No items available.

Find us on the map